Networks / (Record no. 182638)
[ view plain ]
| 000 -LEADER | |
|---|---|
| fixed length control field | 01319 a2200217 4500 |
| 003 - CONTROL NUMBER IDENTIFIER | |
| control field | Nust |
| 005 - DATE AND TIME OF LATEST TRANSACTION | |
| control field | 20221212122047.0 |
| 010 ## - LIBRARY OF CONGRESS CONTROL NUMBER | |
| LC control number | 00031346 |
| 020 ## - INTERNATIONAL STANDARD BOOK NUMBER | |
| International Standard Book Number | 812970711X |
| 040 ## - CATALOGING SOURCE | |
| Transcribing agency | Nust |
| 082 00 - DEWEY DECIMAL CLASSIFICATION NUMBER | |
| Classification number | 621.3821,RAM |
| 100 1# - MAIN ENTRY--PERSONAL NAME | |
| Personal name | Ramteke, Timothy. |
| 9 (RLIN) | 104643 |
| 245 10 - TITLE STATEMENT | |
| Title | Networks / |
| Statement of responsibility, etc. | Timothy S. Ramteke. |
| 250 ## - EDITION STATEMENT | |
| Edition statement | 2nd ed. |
| 260 ## - PUBLICATION, DISTRIBUTION, ETC. | |
| Place of publication, distribution, etc. | Upper Saddle River, N.J. : |
| Name of publisher, distributor, etc. | Prentice Hall, |
| Date of publication, distribution, etc. | c2001. |
| 300 ## - PHYSICAL DESCRIPTION | |
| Extent | xiv, 705 p. |
| Other physical details | ill. ; |
| Dimensions | 24 cm. |
| 505 ## - FORMATTED CONTENTS NOTE | |
| Formatted contents note | Welcome to Telecommunication (Page-1), Basics of Data Networking (Page-23), Analog and Digital Signals (Page-48), Transmission Systems (Page-79), Business Systems (Page-79), Residential Network Services (Page-126), LANs : Basic Concepts (Page-140), TCP/IP : Basic Concepts (Page-206), Switching (Page-222), PSTN (Page-236) Wireless Communication and CDMA (Page-261), Private Switched Networks (Page-294), Voice Processing ACDs and CTI (Page-316), T1 Networking (Page-339) SNA (Page-365), X.25 (Page-396), SS7 (Page-418), ISDN (Page-443), SONET (Page-466), Frame Relay (Page-478), ATM (Page-500), LANS Additional Concepts (Page-519), Bridging and Rounding (Page-563), TCP/ IP Additional Concepts (Page-589), Linux Administration (Page-639), VPNs (Page-672). |
| 650 #0 - SUBJECT ADDED ENTRY--TOPICAL TERM | |
| Topical term or geographic name entry element | Computer networks. |
| 9 (RLIN) | 3677 |
| 650 #0 - SUBJECT ADDED ENTRY--TOPICAL TERM | |
| Topical term or geographic name entry element | Telecommunication Engineering |
| 942 ## - ADDED ENTRY ELEMENTS (KOHA) | |
| Source of classification or shelving scheme | |
| Koha item type | Book |
| Withdrawn status | Lost status | Source of classification or shelving scheme | Damaged status | Not for loan | Permanent Location | Current Location | Shelving location | Date acquired | Total Checkouts | Full call number | Barcode | Date last seen | Date last checked out | Price effective from | Koha item type | Public note |
|---|---|---|---|---|---|---|---|---|---|---|---|---|---|---|---|---|
| Military College of Signals (MCS) | Military College of Signals (MCS) | General Stacks | 12/12/2016 | 1 | 621.3821,RAM | MCS32520 | 01/07/2025 | 07/11/2024 | 12/12/2016 | Book | Almirah No.36, Shelf No.2 |
